W- CDMA and cdma2000 for 3G Mobile networks
保存先:
| 第一著者: | |
|---|---|
| フォーマット: | 図書 |
| 言語: | Undetermined |
| 出版事項: |
Boston, MA.
McGraw-Hill
2002
|
| 主題: | |
| タグ: |
タグ追加
タグなし, このレコードへの初めてのタグを付けませんか!
|
| Thư viện lưu trữ: | Trung tâm Học liệu Trường Đại học Cần Thơ |
|---|
| LEADER | 00579nam a2200193Ia 4500 | ||
|---|---|---|---|
| 001 | CTU_52216 | ||
| 008 | 210402s9999 xx 000 0 und d | ||
| 020 | |b 292000 | ||
| 082 | |a 621.38215 | ||
| 082 | |b K18 | ||
| 100 | |a M. R. Karim | ||
| 245 | 0 | |a W- CDMA and cdma2000 for 3G Mobile networks | |
| 245 | 0 | |c M. R. Karim and Mohsen Sarraf | |
| 260 | |a Boston, MA. | ||
| 260 | |b McGraw-Hill | ||
| 260 | |c 2002 | ||
| 650 | |a communication networks,telecommunication systems,mobile communication systems | ||
| 904 | |i Minh | ||
| 980 | |a Trung tâm Học liệu Trường Đại học Cần Thơ | ||